[Event "Elit(Kungstornet-LASK)"]
[Site "?"]
[Date "2014.11.22"]
[Round "2"]
[White "von Bahr, Oskar"]
[Black "Semcesen, Daniel"]
[Result "1/2-1/2"]
[WhiteElo "2337"]
[BlackElo "2482"]
[PlyCount "97"]

1. c4 e5 2. g3 Nf6 3. Bg2 c6 4. d4 exd4 5. Qxd4 d5 6. Nf3 Be6 7. O-O h6 8. Rd1
Be7 9. cxd5 cxd5 10. Nc3 O-O 11. Qa4 Nbd7 12. Be3 a6 13. Rac1 b5 14. Qc2 Rc8
15. Qb1 Bb4 16. Bd4 Qe7 17. a3 Bd6 18. Nh4 b4 19. axb4 Bxb4 20. Nf5 Bxf5 21.
Qxf5 Bxc3 22. Bxc3 Qxe2 23. Re1 Qb5 24. Ra1 Qb6 25. Red1 Rc6 26. h4 Re8 27. g4
Nf8 28. g5 hxg5 29. hxg5 Ne4 30. Bd4 Qb5 31. Bf1 Qb4 32. Qxd5 Rd6 33. Bc5 Qxb2
34. Bxd6 Qxf2+ 35. Kh1 Qh4+ 36. Bh2 Nf2+ 37. Kg1 Nxd1 38. Rxd1 Ne6 39. g6 Qg4+
40. Kh1 Qxg6 41. Qc6 Rf8 42. Bxa6 Qh5 43. Qd5 Qxd5+ 44. Rxd5 Ra8 45. Bf1 Ra1
46. Kg1 Rc1 47. Be5 Rc5 48. Rxc5 Nxc5 49. Kg2 1/2-1/2

[Event "Elit(Kungstornet-LASK)"]
[Site "?"]
[Date "2014.11.22"]
[Round "2"]
[White "Smith, Axel"]
[Black "Aronsson, Marten"]
[Result "1-0"]
[WhiteElo "2475"]
[BlackElo "2278"]
[PlyCount "135"]

1. d4 d5 2. c4 c6 3. Nc3 Nf6 4. e3 e6 5. Nf3 a6 6. b3 Nbd7 7. Bd3 Bd6 8. O-O
O-O 9. Bb2 Re8 10. e4 dxe4 11. Nxe4 Nxe4 12. Bxe4 Qc7 13. Re1 Nf8 14. Qd2 Bd7
15. Rad1 Rad8 16. Bc3 Qb8 17. Qb2 f6 18. b4 Bc7 19. Bc2 Re7 20. Re3 Rde8 21.
Rde1 Qd8 22. a3 Bb8 23. Re4 Bc8 24. Qb1 Ng6 25. R4e3 Nf8 26. a4 Ba7 27. Re4 Bb8
28. h3 Ng6 29. R4e2 Nf8 30. Be4 Bd7 31. Bb2 Bd6 32. Bc3 Bb8 33. h4 Bd6 34. Bc2
Bc8 35. Qd1 Bb8 36. g3 Rd7 37. h5 Ba7 38. Rd2 Qe7 39. Nh2 Qf7 40. h6 gxh6 41.
Ng4 Kg7 42. Qf3 h5 43. Ne3 Red8 44. Red1 Re7 45. Kg2 Ng6 46. Rh1 h4 47. Bxg6
hxg6 48. Rxh4 Bb8 49. Rd1 Ree8 50. Rdh1 Rh8 51. Ng4 Rxh4 52. Rxh4 Rf8 53. Kg1
g5 54. Rh6 f5 55. Qh1 fxg4 56. Rh7+ Kf6 57. Rxf7+ Kxf7 58. Qh5+ Kf6 59. Bd2 Rg8
60. Qh6+ Kf7 61. Bxg5 Rg6 62. Qh8 Rxg5 63. Qxc8 Bd6 64. Qxb7+ Kf6 65. c5 Be7
66. Qxc6 Rd5 67. Qe8 Rd8 68. Qh5 1-0

[Event "Elit(Kungstornet-LASK)"]
[Site "?"]
[Date "2014.11.22"]
[Round "2"]
[White "Wikner, Arvid"]
[Black "Nilsson, Sebastian"]
[Result "1/2-1/2"]
[WhiteElo "2282"]
[BlackElo "2315"]
[PlyCount "76"]

1. e4 c5 2. Nf3 d6 3. b4 cxb4 4. d4 Nf6 5. Bd3 g6 6. a3 bxa3 7. O-O Bg7 8. Nxa3
O-O 9. Re1 d5 10. e5 Ne8 11. Bg5 Nc6 12. Qd2 Nc7 13. Bh6 Bg4 14. c3 Bxf3 15.
gxf3 e6 16. Reb1 b6 17. Nb5 f6 18. exf6 Bxh6 19. Qxh6 Rxf6 20. Kh1 Ne8 21. Rg1
Ng7 22. Rg3 Rf5 23. Rag1 Rh5 24. Qf4 e5 25. Qg4 Rh4 26. Qg5 Qxg5 27. Rxg5 Ne6
28. Rf5 Nf4 29. Bc2 Ne2 30. Rgg5 exd4 31. Rf6 Rc8 32. Bxg6 hxg6 33. Rfxg6+ Kh7
34. Nd6 Rf8 35. Nf5 Rxf5 36. Rg7+ Kh8 37. Rg8+ Kh7 38. R8g7+ Kh8 1/2-1/2

[Event "Elit(Kungstornet-LASK)"]
[Site "?"]
[Date "2014.11.22"]
[Round "2"]
[White "Olsson, Linus"]
[Black "Henriksson, Johan"]
[Result "1-0"]
[WhiteElo "2253"]
[BlackElo "2267"]
[PlyCount "91"]

1. d4 d5 2. c4 c6 3. Nf3 Nf6 4. Nc3 a6 5. c5 Nbd7 6. Bf4 Nh5 7. e3 g6 8. Be2
Bg7 9. O-O O-O 10. b4 Nxf4 11. exf4 f6 12. Qb3 e5 13. fxe5 fxe5 14. Rad1 e4 15.
Nxe4 a5 16. a3 axb4 17. axb4 Qe7 18. Nc3 g5 19. Ne1 Nf6 20. Nc2 Bf5 21. Bd3 Bd7
22. Rde1 Qf7 23. Na4 Be6 24. Nb6 Rae8 25. b5 Nh5 26. g3 Bh3 27. Rxe8 Rxe8 28.
Rd1 Rf8 29. Rd2 Kh8 30. bxc6 bxc6 31. Qa4 Nf4 32. gxf4 Qxf4 33. Ne3 Bxd4 34.
Qd1 g4 35. Bb1 Bxe3 36. Qc2 Qe4 37. Qb2+ Bd4 38. Qxd4+ Qxd4 39. Rxd4 Rf3 40.
Bd3 Kg7 41. Be2 Rf6 42. Bf1 Bxf1 43. Rxg4+ Kf7 44. Kxf1 Rf3 45. Rg3 Rf4 46. Ra3
1-0

[Event "Elit(Kungstornet-LASK)"]
[Site "?"]
[Date "2014.11.22"]
[Round "2"]
[White "Backlund, Anders"]
[Black "Frisk, Ellinor"]
[Result "1-0"]
[WhiteElo "2258"]
[BlackElo "2314"]
[PlyCount "69"]

1. c4 e5 2. Nc3 Bb4 3. g3 Bxc3 4. bxc3 d6 5. Bg2 Ne7 6. Nf3 Nbc6 7. O-O O-O 8.
d3 Bd7 9. e4 Qc8 10. Ne1 Bh3 11. f4 exf4 12. Bxf4 Bxg2 13. Nxg2 f5 14. exf5
Nxf5 15. Qb3 Kh8 16. Rae1 b6 17. Qb5 Qd7 18. Bg5 a6 19. Qd5 h6 20. Bd2 Nce7 21.
Qe4 Rae8 22. Nf4 d5 23. cxd5 Nd6 24. Qg2 Kg8 25. c4 c6 26. Bb4 cxd5 27. Rxe7
Qxe7 28. Qxd5+ Qf7 29. Bxd6 Qxd5 30. Nxd5 Rxf1+ 31. Kxf1 b5 32. c5 a5 33. c6
Kf7 34. Nb6 Ke6 35. Bc5 1-0

[Event "Elit(Team Viking-Eksjo)"]
[Site "?"]
[Date "2014.11.22"]
[Round "2"]
[White "Carlsson, Pontus"]
[Black "Berg, Emanuel"]
[Result "0-1"]
[WhiteElo "2492"]
[BlackElo "2545"]
[PlyCount "104"]
[EventDate "2014.??.??"]

1. e4 e6 2. d4 d5 3. Nd2 Nf6 4. e5 Nfd7 5. Bd3 c5 6. c3 Nc6 7. Ngf3 g6 8. O-O
Bg7 9. Bb5 Qb6 10. Qa4 a6 11. Bxc6 Qxc6 12. Qxc6 bxc6 13. Nb3 cxd4 14. cxd4 a5
15. Be3 a4 16. Nbd2 Ba6 17. Rfc1 Bb5 18. Nb1 O-O 19. Na3 Rfc8 20. Nxb5 cxb5 21.
Rxc8+ Rxc8 22. Rc1 Rxc1+ 23. Bxc1 f6 24. exf6 Bxf6 25. Bf4 Nb6 26. b3 Nc8 27.
Be5 Be7 28. Bb8 Bf6 29. Be5 Bd8 30. Bb8 Ne7 31. Ng5 Nc6 32. Nxe6 Be7 33. Bf4
Kf7 34. Nc7 Nxd4 35. Nxd5 axb3 36. axb3 Nxb3 37. Nxe7 Kxe7 38. Be3 Ke6 39. Kf1
Kd5 40. Ke2 Kc4 41. h4 b4 42. Kd1 Kd3 43. g4 Na5 44. h5 Nc4 45. Bc1 b3 46. hxg6
hxg6 47. f4 Ne3+ 48. Ke1 Nxg4 49. Bb2 Ne3 50. Bh8 Nc4 51. Kf2 Ke4 52. Kg3 Kf5
0-1

[Event "Elit(Team Viking-Eksjo)"]
[Site "?"]
[Date "2014.11.22"]
[Round "2"]
[White "Agrest, Evgenij"]
[Black "Rasmussen, Allan Stig"]
[Result "1/2-1/2"]
[WhiteElo "2587"]
[BlackElo "2527"]
[PlyCount "60"]

1. c4 e5 2. Nc3 Nc6 3. Nf3 f5 4. g3 Nf6 5. d4 e4 6. Nh4 g6 7. Bg5 Bg7 8. f3
exf3 9. exf3 Ne7 10. d5 d6 11. Qd2 h6 12. Be3 c5 13. dxc6 bxc6 14. Be2 Be6 15.
Rd1 d5 16. Ng2 g5 17. h4 Qc7 18. Bf2 Kf7 19. cxd5 Nexd5 20. Nxd5 Nxd5 21. O-O
Rab8 22. b3 Be5 23. f4 gxf4 24. Bh5+ Kg8 25. Bd4 Bxd4+ 26. Qxd4 Rb4 27. Qc5 Rb5
28. Qd4 Rb4 29. Qc5 Rb5 30. Qd4 Rb4 1/2-1/2

[Event "Elit(Team Viking-Eksjo)"]
[Site "?"]
[Date "2014.11.22"]
[Round "2"]
[White "Cramling, Pia"]
[Black "Bejtovic, Jasmin"]
[Result "1-0"]
[WhiteElo "2512"]
[BlackElo "2380"]
[PlyCount "63"]

1. d4 Nf6 2. Nf3 g6 3. c4 Bg7 4. Nc3 O-O 5. Bg5 d6 6. e3 c5 7. d5 h6 8. Bh4 Bf5
9. Bd3 Bxd3 10. Qxd3 Nbd7 11. O-O a6 12. a4 Rb8 13. Nd2 Ne8 14. f4 Nc7 15. Kh1
Qe8 16. e4 Kh7 17. Rae1 e5 18. dxe6 Nxe6 19. Bg3 Rd8 20. Nd5 Nd4 21. Bh4 f6 22.
Nf3 Nxf3 23. Rxf3 Rc8 24. Bg3 Rc6 25. Qc2 Nb6 26. Rb3 Qd8 27. a5 Nxd5 28. exd5
Rc7 29. f5 g5 30. Re6 Re8 31. Bxd6 Rd7 32. Bxc5 1-0

[Event "Elit(Team Viking-Eksjo)"]
[Site "?"]
[Date "2014.11.22"]
[Round "2"]
[White "Vernersson, Per"]
[Black "Bellon Lopez, Juan"]
[Result "1/2-1/2"]
[WhiteElo "2302"]
[BlackElo "2412"]
[PlyCount "125"]

1. d4 Nf6 2. c4 c5 3. d5 e5 4. Nc3 d6 5. e4 Be7 6. Nf3 O-O 7. Be2 Ne8 8. O-O
Kh8 9. a3 Nd7 10. b4 b6 11. Rb1 g6 12. Ne1 Ng7 13. Nd3 f5 14. bxc5 bxc5 15.
exf5 Nxf5 16. Ne4 Nb6 17. Nb2 Ba6 18. Bd3 Rb8 19. Bd2 Nd4 20. Re1 Rf7 21. Bf1
Qf8 22. Be3 Bh4 23. Qd2 Bc8 24. Na4 Bf5 25. Nac3 Rfb7 26. Qa2 Be7 27. Bd3 Nd7
28. Rxb7 Rxb7 29. Rb1 Qb8 30. Rxb7 Qxb7 31. f3 Nf6 32. Kf2 Nxe4+ 33. Bxe4 Kg7
34. g3 Bd8 35. Qb1 Qxb1 36. Nxb1 Ba5 37. Bd2 Bxe4 38. fxe4 Bxd2 39. Nxd2 Nc2
40. Nb1 Kf6 41. Ke2 Nd4+ 42. Kf2 a6 43. Nd2 h6 44. h3 Nc2 45. Ke2 h5 46. Kd3
Nd4 47. Ke3 Kg5 48. Nf3+ Kh6 49. Nd2 h4 50. g4 Nc2+ 51. Ke2 Nd4+ 52. Ke3 g5 53.
Kd3 Kg6 54. Ke3 Kf6 55. Kd3 Ke7 56. Ke3 Kd7 57. Nf3 Nxf3 58. Kxf3 Kc7 59. Ke2
Kb6 60. Kd2 Ka5 61. Kc2 Ka4 62. Kb2 a5 63. Ka2 1/2-1/2

[Event "Elit(Team Viking-Eksjo)"]
[Site "?"]
[Date "2014.11.22"]
[Round "2"]
[White "Westerberg, Jonathan"]
[Black "Ornstein, Axel"]
[Result "1-0"]
[WhiteElo "2392"]
[BlackElo "2335"]
[PlyCount "91"]

1. e4 e5 2. Nf3 Nc6 3. Bc4 Bc5 4. c3 Nf6 5. d4 exd4 6. cxd4 Bb4+ 7. Bd2 Bxd2+
8. Nbxd2 Nxe4 9. d5 Nxd2 10. Qxd2 Ne7 11. d6 cxd6 12. Qxd6 O-O 13. O-O Nf5 14.
Qf4 d6 15. Rfe1 Be6 16. Bxe6 fxe6 17. Rxe6 Rc8 18. Re2 Qa5 19. Qe4 Rc7 20. Qe6+
Kh8 21. Rae1 Re7 22. Qc4 d5 23. Qd3 Rxe2 24. Rxe2 h6 25. g4 Nd6 26. Ne5 Kg8 27.
Ng6 Re8 28. Rxe8+ Nxe8 29. Qxd5+ Qxd5 30. Ne7+ Kf7 31. Nxd5 Ke6 32. Ne3 Ke5 33.
Kf1 h5 34. gxh5 Nf6 35. Ke2 Nxh5 36. Kf3 b5 37. Kg4 Nf6+ 38. Kg5 Ne4+ 39. Kg6
Nxf2 40. h4 Kf4 41. Nf5 Kg4 42. h5 Nd3 43. Nxg7 Nf4+ 44. Kf6 Nxh5+ 45. Nxh5
Kxh5 46. Ke5 1-0

[Event "Elit(Team Viking-Eksjo)"]
[Site "?"]
[Date "2014.11.22"]
[Round "2"]
[White "Malesevic, Nedeljko"]
[Black "Lindberg, Bo"]
[Result "1/2-1/2"]
[WhiteElo "2248"]
[BlackElo "2412"]
[PlyCount "131"]

1. d4 f5 2. c4 Nf6 3. Nc3 g6 4. g3 Bg7 5. Bg2 O-O 6. Nf3 d6 7. d5 Na6 8. O-O
Nc5 9. Be3 Nfe4 10. Nxe4 Nxe4 11. Bd4 e5 12. dxe6 Bxe6 13. Bxg7 Kxg7 14. Nd4
Qf6 15. Nxe6+ Qxe6 16. Qd4+ Qf6 17. Qxf6+ Rxf6 18. Bxe4 fxe4 19. Rad1 Re8 20.
e3 Re5 21. a4 a5 22. Rd4 Kf7 23. Rfd1 Ke6 24. Rd5 Rxd5 25. Rxd5 Rf5 26. Rd4 Re5
27. Kf1 g5 28. g4 c5 29. Rd1 Kd7 30. Ke2 Kc6 31. b3 b6 32. h3 h6 33. Rf1 Re6
34. f4 exf3+ 35. Rxf3 d5 36. cxd5+ Kxd5 37. Kd3 Kc6 38. Rf8 Kd5 39. e4+ Ke5 40.
Rf5+ Kd6 41. Rf8 Ke7 42. Rh8 Kd6 43. Rd8+ Kc7 44. Rf8 Rd6+ 45. Ke3 Rd4 46. Rf7+
Kd8 47. Rh7 Rb4 48. Rxh6 Rxb3+ 49. Kd2 Kc7 50. Rh5 c4 51. e5 Rd3+ 52. Kc2 Re3
53. e6 Kd6 54. Rxg5 Rxh3 55. Rb5 Kxe6 56. Rxb6+ Kd5 57. Rb5+ Kd4 58. Rxa5 Rh2+
59. Kd1 Rh1+ 60. Kc2 Rh2+ 61. Kd1 Rh1+ 62. Kc2 Rh2+ 63. Kb1 Kc3 64. Rb5 Rh1+
65. Ka2 Rh2+ 66. Kb1 1/2-1/2

[Event "Elit(Team Viking-Eksjo)"]
[Site "?"]
[Date "2014.11.22"]
[Round "2"]
[White "Sagit, Rauan"]
[Black "Thornert, Hakan"]
[Result "0-1"]
[WhiteElo "2360"]
[BlackElo "2225"]
[PlyCount "118"]

1. e4 c5 2. Nf3 d6 3. d4 cxd4 4. Nxd4 Nf6 5. Nc3 g6 6. Be3 Bg7 7. f3 Nc6 8. Bc4
O-O 9. Qd2 Bd7 10. h4 Qa5 11. Nb3 Qc7 12. Be2 Be6 13. Nb5 Qc8 14. N5d4 a5 15.
Nxc6 bxc6 16. Nd4 c5 17. Nxe6 Qxe6 18. c4 Rfb8 19. Rb1 Rb4 20. O-O Rab8 21. b3
a4 22. Qc2 Nh5 23. Rfe1 Be5 24. g4 Nf4 25. Bf1 Qf6 26. g5 Qg7 27. Red1 h6 28.
Qd2 hxg5 29. hxg5 Ne6 30. f4 Bd4 31. Bxd4 Nxd4 32. Bg2 axb3 33. axb3 Nxb3 34.
Qe3 Nd4 35. Rxb4 Rxb4 36. Kf1 Rb3 37. Qf2 Ne6 38. f5 gxf5 39. exf5 Rb2 40. Qe3
Qxg5 41. Qxg5+ Nxg5 42. f6 Kf8 43. Ra1 exf6 44. Bd5 f5 45. Ra8+ Ke7 46. Ra7+
Kf6 47. Rd7 Ke5 48. Re7+ Kd4 49. Rd7 Rb6 50. Ke2 f4 51. Kf1 f3 52. Kf2 Rb2+ 53.
Kg3 Ke5 54. Re7+ Kf5 55. Re1 Rg2+ 56. Kh4 Kf4 57. Rh1 Ne4 58. Bxe4 Kxe4 59. Kh3
Rg6 0-1

[Event "Elit(Limhamn-Vasteras)"]
[Site "?"]
[Date "2014.11.22"]
[Round "2"]
[White "Pohjala, Henri"]
[Black "Jepson, Christian"]
[Result "0-1"]
[WhiteElo "2408"]
[BlackElo "2415"]
[PlyCount "154"]

1. d4 g6 2. Nf3 Bg7 3. g3 d5 4. Bg2 e6 5. O-O Ne7 6. c4 O-O 7. Nc3 Nbc6 8. e3
dxc4 9. Nd2 Na5 10. Qe2 Nd5 11. Nxc4 Nxc4 12. Qxc4 c6 13. Rd1 Re8 14. e4 Nb6
15. Qe2 f5 16. Bf4 Bd7 17. Be5 Qe7 18. f4 Rac8 19. a4 a5 20. Qf2 Nc4 21. Bxg7
Kxg7 22. Bf1 Nd6 23. Re1 Qd8 24. Rad1 Qb6 25. Rd2 Re7 26. exf5 Nxf5 27. Re5 Be8
28. Bh3 Rd8 29. Ne2 Qb4 30. Rd3 Qxb2 31. Bxf5 gxf5 32. Qe1 Qb4 33. Qa1 Rd5 34.
Ree3 Kg8 35. Nc3 Rd8 36. d5 exd5 37. Ne2 Bg6 38. Qf6 Rde8 39. Kf2 Re4 40. Rb3
Qc5 41. Qc3 Qa7 42. Qd2 Bh5 43. g4 Bxg4 44. Nd4 Qb8 45. Rxe4 Rxe4 46. Nxc6
Qxf4+ 47. Qxf4 Rxf4+ 48. Kg3 Rc4 49. Ne7+ Kf7 50. Nxd5 Rxa4 51. Rxb7+ Ke6 52.
Nf4+ Ke5 53. Re7+ Kd4 54. Rxh7 Ra3+ 55. Kh4 a4 56. Kg5 Rb3 57. Ra7 a3 58. Ne6+
Kd5 59. Nf4+ Kc4 60. Rc7+ Kb5 61. Rb7+ Kc4 62. Rc7+ Kb5 63. Rb7+ Ka4 64. Ra7+
Kb4 65. Ne6 Rh3 66. Rb7+ Kc3 67. Rc7+ Kb2 68. Nd4 Rxh2 69. Rb7+ Ka2 70. Nb5 Rh3
71. Nd4 Rd3 72. Nc2 Rb3 73. Ra7 Kb2 74. Nd4 Rb6 75. Rc7 a2 76. Rc2+ Kb1 77. Rg2
a1=Q 0-1

[Event "Elit(Limhamn-Vasteras)"]
[Site "?"]
[Date "2014.11.22"]
[Round "2"]
[White "Brynell, Stellan"]
[Black "Akesson, Ralf"]
[Result "1/2-1/2"]
[WhiteElo "2457"]
[BlackElo "2461"]
[PlyCount "130"]

1. d4 Nf6 2. c4 e6 3. Nf3 d5 4. Nc3 Be7 5. Bg5 O-O 6. e3 h6 7. Bh4 b6 8. Bd3
Bb7 9. O-O Nbd7 10. Qe2 a6 11. Rfd1 Ne4 12. Bxe7 Qxe7 13. Rac1 c5 14. cxd5 exd5
15. dxc5 Ndxc5 16. Nd4 Qf6 17. Qf3 Qxf3 18. Nxf3 Nxd3 19. Rxd3 Rfc8 20. Nd4 a5
21. f3 Ba6 22. Rdd1 Nxc3 23. Rxc3 Rxc3 24. bxc3 Rc8 25. Rc1 Rc4 26. Kf2 Ra4 27.
Rc2 Bd3 28. Rb2 Bc4 29. Rxb6 Rxa2+ 30. Kg3 Bf1 31. Kf4 Rxg2 32. Rb8+ Kh7 33.
Ra8 Ra2 34. Ra7 Kg6 35. Nc6 Kf6 36. e4 g5+ 37. Ke3 Re2+ 38. Kd4 Rd2+ 39. Ke3
Re2+ 40. Kd4 dxe4 41. fxe4 Bg2 42. e5+ Kg6 43. Ne7+ Kh5 44. Ng8 Re4+ 45. Kd5
Rf4+ 46. Kc5 a4 47. Ra6 Bf1 48. Rxh6+ Kg4 49. Nf6+ Kf5 50. Nd5 a3 51. e6 fxe6
52. Ne7+ Kg4 53. Rxe6 a2 54. Re1 Bc4 55. Nd5 Bxd5 56. Kxd5 Ra4 57. Ra1 Kh3 58.
c4 Kxh2 59. c5 g4 60. c6 Ra7 61. Kd6 g3 62. c7 Rxc7 63. Rxa2+ g2 64. Kxc7 Kh1
65. Rxg2 Kxg2 1/2-1/2

[Event "Elit(Limhamn-Vasteras)"]
[Site "?"]
[Date "2014.11.22"]
[Round "2"]
[White "Sjodahl, Pontus"]
[Black "Hector, Jonny"]
[Result "1/2-1/2"]
[WhiteElo "2419"]
[BlackElo "2483"]
[PlyCount "155"]

1. d4 d5 2. c4 c6 3. Nc3 Nf6 4. e3 Bf5 5. cxd5 cxd5 6. Qb3 Nc6 7. Qxb7 Bd7 8.
Qb3 Rb8 9. Qd1 e5 10. dxe5 Nxe5 11. Be2 Bd6 12. Nf3 O-O 13. O-O Qe7 14. Nd4
Rfc8 15. Ncb5 Bc5 16. a4 a6 17. Nc3 Qd6 18. h3 Ba7 19. Nf3 Rb4 20. e4 Nxf3+ 21.
Bxf3 Rd4 22. e5 Qxe5 23. Qe2 Qd6 24. Be3 Bb8 25. g3 Rdc4 26. Rfd1 d4 27. Bg5
Kh8 28. Bg2 Qe6 29. Bxf6 Qxf6 30. Nd5 Qd8 31. b3 R4c6 32. Rxd4 Re6 33. Re4 a5
34. Rd1 Rxe4 35. Qxe4 Be6 36. Kh2 Qg5 37. h4 Qh6 38. Bh3 Qh5 39. Bxe6 fxe6 40.
Ne3 Rf8 41. Kg2 Qe2 42. Rf1 Ba7 43. Qxe6 h6 44. Qg4 Qd2 45. Qe4 Qe2 46. Kg1 Bb6
47. Qe6 Rf6 48. Qc4 Qb2 49. Ng4 Rf3 50. Kg2 Qxb3 51. Qe4 Rd3 52. Rc1 Qd5 53.
Rc8+ Bd8 54. Qxd5 Rxd5 55. f4 Kh7 56. Kf3 Rd3+ 57. Ke4 Rxg3 58. Rxd8 Rxg4 59.
h5 Rg1 60. Rd5 Re1+ 61. Kf5 Rh1 62. Ke6 Rh4 63. Rf5 Kg8 64. Kd5 Rh1 65. Kc4 Rf1
66. Kb5 g6 67. Rf6 gxh5 68. Rxh6 Rxf4 69. Rxh5 Kf7 70. Re5 Kf6 71. Re8 Rf5+ 72.
Kb6 Kf7 73. Re2 Rh5 74. Ka6 Rf5 75. Re1 Rh5 76. Rb1 Ke7 77. Rb5 Rxb5 78. Kxb5
1/2-1/2

[Event "Elit(Limhamn-Vasteras)"]
[Site "?"]
[Date "2014.11.22"]
[Round "2"]
[White "Johansson, Linus"]
[Black "Janse, Rasmus"]
[Result "1-0"]
[WhiteElo "2396"]
[BlackElo "2229"]
[PlyCount "77"]

1. Nf3 Nf6 2. g3 g6 3. Bg2 Bg7 4. O-O O-O 5. c4 c5 6. d4 cxd4 7. Nxd4 Nc6 8.
Nc3 a6 9. c5 Nxd4 10. Qxd4 d6 11. cxd6 Ne8 12. Qb4 Qxd6 13. Qxd6 Nxd6 14. Bg5
Bxc3 15. bxc3 f6 16. Bf4 Rd8 17. Bd5+ e6 18. Bb3 Kg7 19. Rfd1 Nf7 20. a4 e5 21.
Be3 Bf5 22. Bd5 Rd7 23. c4 Nd8 24. Bb6 Rc8 25. e4 Be6 26. Rdc1 Kf7 27. Rab1 Nc6
28. f3 Ne7 29. Kf2 Bxd5 30. cxd5 Rd6 31. a5 f5 32. Bc7 Rd7 33. Bxe5 fxe4 34.
fxe4 Re8 35. Rc7 Rxc7 36. Bxc7 Ng8 37. e5 Rc8 38. Rxb7 Nh6 39. Kf3 1-0

[Event "Elit(Limhamn-Vasteras)"]
[Site "?"]
[Date "2014.11.22"]
[Round "2"]
[White "Eriksson, Anders"]
[Black "Lindgren, Philip"]
[Result "1/2-1/2"]
[WhiteElo "2289"]
[BlackElo "2353"]
[PlyCount "127"]

1. Nf3 d5 2. g3 c6 3. Bg2 Nf6 4. O-O Bf5 5. b3 e6 6. Bb2 Be7 7. d3 h6 8. Nbd2
O-O 9. c4 Nbd7 10. a3 a5 11. Ra2 Bh7 12. Qa1 Nc5 13. Bc3 b5 14. Ne5 Qb6 15. Bd4
Qb7 16. Rc1 Rfc8 17. cxd5 cxd5 18. Rac2 Qb6 19. b4 axb4 20. Nb3 bxa3 21. Nxc5
b4 22. Nb3 Qa6 23. Rxc8+ Rxc8 24. Rxc8+ Qxc8 25. Qc1 Qxc1+ 26. Nxc1 Kf8 27. Kf1
Ke8 28. Ke1 Bd6 29. f4 g5 30. Kd2 Nd7 31. Nxd7 Kxd7 32. e3 Kc6 33. Kc2 Kb5 34.
Kb3 Bg6 35. Bf3 Be7 36. Bd1 f6 37. Kc2 Be8 38. Kd2 Bd7 39. Bb3 Be8 40. Ne2 Ka5
41. Kc2 Bh5 42. Kd2 Be8 43. Ba1 Bd7 44. Nd4 Kb6 45. e4 gxf4 46. gxf4 Bd6 47.
Ne2 dxe4 48. dxe4 e5 49. fxe5 fxe5 50. Ng3 Kc5 51. Nf5 Bc6 52. Bc2 h5 53. Nxd6
Kxd6 54. Ke3 Bd7 55. Bb3 h4 56. Bd5 Ba4 57. Kd2 b3 58. Bc3 b2 59. Ba2 Bb3 60.
Bb4+ Kc6 61. Bxa3 Bxa2 62. Bxb2 Kd6 63. Ke3 h3 64. Ba3+ 1/2-1/2

[Event "Elit(Limhamn-Vasteras)"]
[Site "?"]
[Date "2014.11.22"]
[Round "2"]
[White "Schneider, Stefan"]
[Black "Norberg, Erik"]
[Result "1-0"]
[WhiteElo "2390"]
[BlackElo "2234"]
[PlyCount "71"]

1. d4 g6 2. e4 Bg7 3. c4 d6 4. Nc3 Nf6 5. Be2 c6 6. Nf3 Qc7 7. O-O O-O 8. Rb1
e5 9. d5 a5 10. Be3 Na6 11. Nd2 Nd7 12. a3 f5 13. f3 f4 14. Bf2 c5 15. Nb5 Qb8
16. Nb3 b6 17. Nc1 Nf6 18. Nd3 Bd7 19. Nc3 Qd8 20. b4 axb4 21. axb4 Qe7 22.
bxc5 bxc5 23. Rb6 Rfb8 24. Rxb8+ Rxb8 25. Qa1 Rb6 26. Qa5 Qd8 27. Bd1 Qb8 28.
Ba4 Nc7 29. Bxd7 Ra6 30. Be6+ Kf8 31. Qxa6 Nxa6 32. Rb1 Qd8 33. Rb7 Nc7 34. Nb5
Nfe8 35. Nxc5 Nxb5 36. Rf7+ 1-0

[Event "Elit(Limhamn-Vasteras)"]
[Site "?"]
[Date "2014.11.22"]
[Round "2"]
[White "Orndahl, Markus"]
[Black "Penalver, Osmani"]
[Result "0-1"]
[WhiteElo "2194"]
[BlackElo "2269"]
[PlyCount "50"]

1. e4 c5 2. Nf3 d6 3. d4 cxd4 4. Nxd4 Nf6 5. Nc3 a6 6. Bc4 e6 7. Bb3 Bd7 8. Be3
Nc6 9. f3 Qc7 10. Qd2 Nxd4 11. Qxd4 Bc6 12. O-O-O b5 13. g4 Qb7 14. Rhe1 Nd7
15. f4 a5 16. Bd5 b4 17. Bxc6 Qxc6 18. Ne2 Rc8 19. Rd2 Nf6 20. Ng3 Nxg4 21. Bg1
e5 22. Qa7 Ra8 23. Qxa8+ Qxa8 24. h3 exf4 25. Nf5 Ne5 0-1

[Event "Elit(Limhamn-Vasteras)"]
[Site "?"]
[Date "2014.11.22"]
[Round "2"]
[White "Golubenko, Valeri"]
[Black "Nilsson, Andre"]
[Result "1/2-1/2"]
[WhiteElo "2252"]
[BlackElo "2222"]
[PlyCount "110"]
[EventDate "2014.??.??"]

1. d4 g6 2. g3 Bg7 3. Bg2 Nf6 4. Nf3 O-O 5. O-O d6 6. c4 Nbd7 7. Nc3 e5 8. e4
exd4 9. Nxd4 Re8 10. h3 a6 11. Be3 Rb8 12. Qc2 c5 13. Nde2 b5 14. cxb5 axb5 15.
a4 bxa4 16. Rfd1 Qe7 17. Bf4 Ne5 18. Rxa4 Be6 19. Bxe5 dxe5 20. Nd5 Nxd5 21.
exd5 Bf5 22. Qc1 Qd7 23. Ra5 Bxh3 24. Rxc5 Bxg2 25. Kxg2 Qg4 26. Rc2 e4 27. Qe3
Rxb2 28. Rxb2 Bxb2 29. Rb1 Bf6 30. Re1 Qf5 31. Qf4 Qxf4 32. Nxf4 Bg5 33. Nd3 f5
34. Nc5 Be7 35. Ne6 Kf7 36. g4 Kf6 37. gxf5 gxf5 38. Rh1 Rg8+ 39. Kf1 Ke5 40.
Rxh7 Bd6 41. Ng7 Rf8 42. Rh5 Rf7 43. Ne8 Bc5 44. d6 Rd7 45. Ke2 Bxd6 46. Nxd6
Rxd6 47. f3 Ra6 48. fxe4 Ra2+ 49. Kf1 Kxe4 50. Rh3 Kf4 51. Rb3 Kg4 52. Rc3 f4
53. Rb3 f3 54. Rb8 Kg3 55. Rg8+ Kf4 1/2-1/2

[Event "Elit(Rockaden,Sthlm-Orgryte)"]
[Site "?"]
[Date "2014.11.22"]
[Round "2"]
[White "Tukhaev, Adam"]
[Black "Socko, Bartosz"]
[Result "1/2-1/2"]
[WhiteElo "2542"]
[BlackElo "2614"]
[PlyCount "84"]

1. e4 e5 2. Nf3 Nc6 3. d4 exd4 4. Nxd4 Bc5 5. Nb3 Bb6 6. Nc3 Nf6 7. Qe2 d6 8.
Bg5 h6 9. Bh4 Nd4 10. Qd3 Nxb3 11. axb3 Be6 12. O-O-O Qe7 13. Be2 g5 14. Bg3
O-O-O 15. h4 Rhe8 16. hxg5 hxg5 17. Na4 d5 18. Nxb6+ axb6 19. exd5 Rxd5 20. Qe3
Ra5 21. Kb1 Nd5 22. Qd4 Nb4 23. Bd3 Rd5 24. Qc3 Nxd3 25. Rxd3 Rc5 26. Qb4 Bf5
27. Rc3 Rxc3 28. Qxc3 Qc5 29. Rh8 Bxc2+ 30. Kc1 Rxh8 31. Qxh8+ Kd7 32. b4 Qc4
33. Qc3 Bb3 34. Qxc4 Bxc4 35. Be5 c6 36. Kd2 Ke6 37. Bc7 b5 38. Bd8 g4 39. g3
Kd5 40. Kc3 Ke4 41. Bb6 f5 42. Bc5 Bd5 1/2-1/2

[Event "Elit(Rockaden,Sthlm-Orgryte)"]
[Site "?"]
[Date "2014.11.22"]
[Round "2"]
[White "Blomqvist, Erik"]
[Black "Frisk Kockum, Anton"]
[Result "1/2-1/2"]
[WhiteElo "2512"]
[BlackElo "2373"]
[PlyCount "126"]

1. Nf3 c5 2. c4 Nc6 3. Nc3 d6 4. d4 cxd4 5. Nxd4 Nf6 6. g3 Bd7 7. Bg2 Qc8 8.
Nxc6 Bxc6 9. e4 g6 10. O-O Bg7 11. Qe2 O-O 12. Bg5 h6 13. Bd2 Nd7 14. Rac1 a5
15. Rfd1 Nc5 16. Be3 b6 17. Nd5 Bxd5 18. cxd5 Kh7 19. Rc2 Qd7 20. Rdc1 Rfb8 21.
h4 h5 22. Kh2 Qe8 23. b3 Qh8 24. Qd2 Ra7 25. Rc4 Qd8 26. Qd1 Raa8 27. R4c2 Qh8
28. Rb1 Bc3 29. a3 b5 30. Qf3 b4 31. Qxf7+ Qg7 32. Qxg7+ Kxg7 33. f4 Rc8 34. a4
Rc7 35. Re2 Re8 36. Bf2 Rcc8 37. Bh3 Rc7 38. Bg1 Kf7 39. e5 Rd8 40. Rf1 Kg7 41.
exd6 exd6 42. f5 Rf8 43. Bxc5 Rxc5 44. Re6 Rf6 45. Re7+ Kf8 46. Rh7 Be5 47.
fxg6 Rxf1 48. Bxf1 Rc3 49. Rxh5 Bxg3+ 50. Kg2 Kg7 51. Bc4 Be1 52. Kf1 Bg3 53.
Ke2 Kxg6 54. Rh8 Be5 55. Ra8 Kf5 56. Rxa5 Ke4 57. Ra8 Rc2+ 58. Kd1 Ra2 59. h5
Ke3 60. Re8 Ra1+ 61. Kc2 Ra2+ 62. Kb1 Ra1+ 63. Kc2 Ra2+ 1/2-1/2

[Event "Elit(Rockaden,Sthlm-Orgryte)"]
[Site "?"]
[Date "2014.11.22"]
[Round "2"]
[White "Ziegler, Ari"]
[Black "Wiedenkeller, Michael"]
[Result "1/2-1/2"]
[WhiteElo "2323"]
[BlackElo "2471"]
[PlyCount "77"]

1. d4 d5 2. c4 dxc4 3. Nf3 Nf6 4. e3 e6 5. Bxc4 c5 6. O-O a6 7. Bb3 b5 8. a4 b4
9. e4 Bb7 10. e5 Ne4 11. Nbd2 Nxd2 12. Bxd2 cxd4 13. Bg5 Be7 14. Bxe7 Qxe7 15.
Rc1 Nc6 16. Re1 Na5 17. Bc2 Rd8 18. Bd3 O-O 19. Nd2 Rc8 20. Qh5 h6 21. Qe2 Qd7
22. Rcd1 Rfd8 23. f4 b3 24. Qh5 Rc2 25. Qh3 Qc6 26. f5 exf5 27. Bxf5 Bc8 28. e6
Bxe6 29. Bxe6 fxe6 30. Rxe6 Qd5 31. Ne4 Nc4 32. Rxh6 Ne3 33. Rh8+ Kf7 34. Rxd8
Qxd8 35. Rf1+ Kg8 36. Qe6+ Kh7 37. Qh3+ Kg8 38. Qe6+ Kh7 39. Qh3+ 1/2-1/2

[Event "Elit(Rockaden,Sthlm-Orgryte)"]
[Site "?"]
[Date "2014.11.22"]
[Round "2"]
[White "Barkhagen, Jonas"]
[Black "Arnelind, Mikael"]
[Result "1/2-1/2"]
[WhiteElo "2438"]
[BlackElo "2184"]
[PlyCount "59"]

1. d4 Nf6 2. c4 e6 3. Nf3 b6 4. e3 Bb7 5. Bd3 Be7 6. O-O O-O 7. Nc3 d5 8. cxd5
Nxd5 9. e4 Nxc3 10. bxc3 c5 11. Be3 cxd4 12. cxd4 Nc6 13. a3 Rc8 14. Qe2 Na5
15. Rfd1 Rc3 16. a4 Qa8 17. d5 exd5 18. exd5 Nb3 19. d6 Bxf3 20. gxf3 Bxd6 21.
Rab1 Qb8 22. Bc2 Nc5 23. Bd4 Rxc2 24. Qxc2 Bxh2+ 25. Kg2 Ne6 26. Be3 Bf4 27.
Rd5 Rc8 28. Qd2 Bxe3 29. fxe3 Qc7 30. Rd1 1/2-1/2